000 00575nam a2200181 i 4500
001 74114
003 ES-MaACL
005 20250730025315.0
007 t|
008 040915s1905 sp ||||1| spa d
100 1 _aGonzález Deleito, Federico.
_958596
245 1 3 _aLa tuberculosis pulmonar en el Ejército Español /
_cFederico González Deleito.
260 _aMadrid :
_b[s.n.],
_c1905 (
_fSucesora de M. Minuesa de los Rios)
300 _a66 p., 6 lám. ;
_c23 cm.
650 0 7 _aTuberculosis
_2embne
_917658
852 _aES-MaACL
_jT-1080-F-8
999 _c74114
_d74114